[Event "Deutsche Ländermeisterschaft 2022"]
[Site "Wiesbaden GER"]
[Date "2022.10.01"]
[Round "2"]
[White "Glowiak, Alexandra"]
[Black "Meng, Yuxuan"]
[Result "1-0"]
[Termination "normal"]
[Board "5.6"]
[WhiteElo "1602"]
[BlackElo "1472"]
[WhiteClock "00:11:39"]
[BlackClock "01:30:30"]
[WhiteTeam "Sachsen"]
[BlackTeam "Baden 2"]
[PlyCount "108"]
[WhiteFideId "16259530"]
[BlackFideId "16258231"]
[EventCountry "GER"]
[EventRounds "7"]
[EventType "team-swiss"]
[EventDate "2022.09.30"]

1. e4 {[%clk 01:30:57]} {[%emt 00:00:02]} c5 {[%clk 01:30:56]} {[%emt
00:00:05]} 2. Nf3 {[%clk 01:31:20]} {[%emt 00:00:06]} e6 {[%clk 01:31:19]}
{[%emt 00:00:07]} 3. d4 {[%clk 01:31:40]} {[%emt 00:00:10]} cxd4 {[%clk
01:31:44]} {[%emt 00:00:06]} 4. Nxd4 {[%clk 01:32:04]} {[%emt 00:00:06]} a6
{[%clk 01:32:09]} {[%emt 00:00:05]} 5. Nc3 {[%clk 01:31:14]} {[%emt 00:01:20]}
Qc7 {[%clk 01:32:32]} {[%emt 00:00:07]} 6. Be2 {[%clk 01:27:07]} {[%emt
00:04:37]} b5 {[%clk 01:32:45]} {[%emt 00:00:17]} 7. a3 {[%clk 01:25:00]}
{[%emt 00:02:37]} Bb7 {[%clk 01:31:55]} {[%emt 00:01:20]} 8. O-O {[%clk
01:18:55]} {[%emt 00:06:35]} Nc6 {[%clk 01:30:20]} {[%emt 00:02:05]} 9. Nxc6
{[%clk 01:15:30]} {[%emt 00:03:56]} dxc6 {[%clk 01:29:43]} {[%emt 00:01:06]}
10. Bf3 {[%clk 01:09:02]} {[%emt 00:06:58]} Nf6 {[%clk 01:25:55]} {[%emt
00:04:18]} 11. Be3 {[%clk 01:06:47]} {[%emt 00:02:45]} Be7 {[%clk 01:23:05]}
{[%emt 00:03:20]} 12. Qe2 {[%clk 01:03:57]} {[%emt 00:03:21]} O-O {[%clk
01:19:48]} {[%emt 00:03:46]} 13. Rfd1 {[%clk 01:02:40]} {[%emt 00:01:46]} Rfd8
{[%clk 01:16:46]} {[%emt 00:03:33]} 14. g3 {[%clk 00:51:03]} {[%emt 00:12:07]}
c5 {[%clk 01:11:53]} {[%emt 00:05:23]} 15. Bf4 {[%clk 00:43:33]} {[%emt
00:07:59]} e5 {[%clk 01:04:20]} {[%emt 00:08:03]} 16. Bg5 {[%clk 00:37:58]}
{[%emt 00:06:05]} h6 {[%clk 01:01:55]} {[%emt 00:02:54]} 17. Bxf6 {[%clk
00:37:44]} {[%emt 00:00:44]} Bxf6 {[%clk 01:01:58]} {[%emt 00:00:27]} 18. Nd5
{[%clk 00:36:22]} {[%emt 00:01:53]} Bxd5 {[%clk 00:51:02]} {[%emt 00:11:27]}
19. exd5 {[%clk 00:34:39]} {[%emt 00:02:12]} Qd6 {[%clk 00:48:55]} {[%emt
00:02:36]} 20. c4 {[%clk 00:28:47]} {[%emt 00:06:22]} Rab8 {[%clk 00:44:24]}
{[%emt 00:05:01]} 21. cxb5 {[%clk 00:23:38]} {[%emt 00:05:39]} axb5 {[%clk
00:42:59]} {[%emt 00:01:56]} 22. Be4 {[%clk 00:22:28]} {[%emt 00:01:39]} Bg5
{[%clk 00:33:36]} {[%emt 00:09:53]} 23. h4 {[%clk 00:21:54]} {[%emt 00:01:04]}
Be7 {[%clk 00:30:42]} {[%emt 00:03:23]} 24. b3 {[%clk 00:19:35]} {[%emt
00:02:50]} Qb6 {[%clk 00:27:10]} {[%emt 00:04:01]} 25. a4 {[%clk 00:17:35]}
{[%emt 00:02:31]} bxa4 {[%clk 00:24:32]} {[%emt 00:03:08]} 26. bxa4 {[%clk
00:17:48]} {[%emt 00:00:17]} Qa5 {[%clk 00:23:26]} {[%emt 00:01:35]} 27. Qe1
{[%clk 00:13:46]} {[%emt 00:04:32]} Qxe1+ {[%clk 00:16:36]} {[%emt 00:07:21]}
28. Rxe1 {[%clk 00:14:10]} {[%emt 00:00:07]} Bd6 {[%clk 00:16:39]} {[%emt
00:00:27]} 29. a5 {[%clk 00:13:51]} {[%emt 00:00:49]} c4 {[%clk 00:16:22]}
{[%emt 00:00:47]} 30. Rec1 {[%clk 00:13:38]} {[%emt 00:00:42]} Rdc8 {[%clk
00:15:46]} {[%emt 00:01:07]} 31. a6 {[%clk 00:13:14]} {[%emt 00:00:54]} Ra8
{[%clk 00:14:17]} {[%emt 00:01:59]} 32. Rcb1 {[%clk 00:08:51]} {[%emt
00:04:51]} Rcb8 {[%clk 00:08:37]} {[%emt 00:06:12]} 33. Rxb8+ {[%clk 00:07:31]}
{[%emt 00:01:50]} Rxb8 {[%clk 00:08:28]} {[%emt 00:00:39]} 34. Ra4 {[%clk
00:05:15]} {[%emt 00:02:46]} Ra8 {[%clk 00:07:10]} {[%emt 00:01:49]} 35. Bf3
{[%clk 00:03:19]} {[%emt 00:02:25]} c3 {[%clk 00:05:24]} {[%emt 00:02:16]} 36.
Be4 {[%clk 00:03:24]} {[%emt 00:00:25]} g6 {[%clk 00:03:50]} {[%emt 00:02:04]}
37. g4 {[%clk 00:01:42]} {[%emt 00:02:11]} Ra7 {[%clk 00:02:36]} {[%emt
00:01:44]} 38. Kg2 {[%clk 00:01:47]} {[%emt 00:00:25]} Kg7 {[%clk 00:02:12]}
{[%emt 00:00:55]} 39. Bd3 {[%clk 00:01:58]} {[%emt 00:00:19]} Kf6 {[%clk
00:01:45]} {[%emt 00:00:57]} 40. Bb5 {[%clk 00:01:26]} {[%emt 00:01:01]} Bc5
{[%clk 00:00:39]} {[%emt 00:01:36]} 41. Rc4 {[%clk 00:24:45]} {[%emt 00:07:10]}
Bd4 {[%clk 00:30:09]} {[%emt 00:01:01]} 42. d6 {[%clk 00:24:06]} {[%emt
00:01:09]} Ke6 {[%clk 00:29:17]} {[%emt 00:01:23]} 43. d7 {[%clk 00:22:27]}
{[%emt 00:02:10]} Ke7 {[%clk 00:28:47]} {[%emt 00:00:59]} 44. Rc8 {[%clk
00:21:56]} {[%emt 00:01:00]} Bb6 {[%clk 00:28:24]} {[%emt 00:00:53]} 45. Rxc3
{[%clk 00:22:01]} {[%emt 00:00:25]} Bc7 {[%clk 00:27:27]} {[%emt 00:01:27]} 46.
h5 {[%clk 00:20:40]} {[%emt 00:01:49]} g5 {[%clk 00:27:02]} {[%emt 00:00:56]}
47. Rc6 {[%clk 00:16:01]} {[%emt 00:05:08]} f6 {[%clk 00:24:38]} {[%emt
00:02:55]} 48. Bc4 {[%clk 00:14:40]} {[%emt 00:01:50]} Bd8 {[%clk 00:17:11]}
{[%emt 00:07:57]} 49. Be6 {[%clk 00:11:59]} {[%emt 00:03:11]} Bc7 {[%clk
00:15:42]} {[%emt 00:02:00]} 50. Bf5 {[%clk 00:11:56]} {[%emt 00:00:33]} Bd8
{[%clk 00:13:40]} {[%emt 00:02:31]} 51. Re6+ {[%clk 00:11:40]} {[%emt
00:00:46]} Kf7 {[%clk 00:13:07]} {[%emt 00:01:03]} 52. Re8 {[%clk 00:11:46]}
{[%emt 00:00:24]} Be7 {[%clk 00:09:03]} {[%emt 00:04:34]} 53. Bg6+ {[%clk
00:11:24]} {[%emt 00:00:52]} Ke6 {[%clk 00:08:20]} {[%emt 00:01:13]} 54. d8=Q
{[%clk 00:11:39]} {[%emt 00:00:15]} Kd5 {[%clk 01:30:30]} {[%emt 00:00:25]} 1-0

[Event "Deutsche Ländermeisterschaft 2022"]
[Site "Wiesbaden GER"]
[Date "2022.10.01"]
[Round "2"]
[White "Hoffmann, Sophia"]
[Black "Czäczine, Paula"]
[Result "1-0"]
[Termination "normal"]
[Board "5.7"]
[WhiteElo "1258"]
[BlackElo "1322"]
[WhiteClock "00:56:08"]
[BlackClock "00:41:24"]
[WhiteTeam "Baden 2"]
[BlackTeam "Sachsen"]
[PlyCount "39"]
[WhiteFideId "16259130"]
[BlackFideId "16249305"]
[EventCountry "GER"]
[EventRounds "7"]
[EventType "team-swiss"]
[EventDate "2022.09.30"]

1. d4 {[%clk 01:30:55]} {[%emt 00:00:04]} d5 {[%clk 01:30:53]} {[%emt
00:00:07]} 2. Bf4 {[%clk 01:31:19]} {[%emt 00:00:06]} Nf6 {[%clk 01:31:03]}
{[%emt 00:00:21]} 3. Nf3 {[%clk 01:31:37]} {[%emt 00:00:12]} c5 {[%clk
01:29:45]} {[%emt 00:01:49]} 4. c3 {[%clk 01:31:49]} {[%emt 00:00:17]} Nc6
{[%clk 01:28:53]} {[%emt 00:01:21]} 5. e3 {[%clk 01:31:30]} {[%emt 00:00:50]}
e6 {[%clk 01:27:34]} {[%emt 00:01:49]} 6. Nbd2 {[%clk 01:31:18]} Be7 {[%clk
01:22:08]} {[%emt 00:06:37]} 7. Bd3 {[%clk 01:29:48]} O-O {[%clk 01:22:08]} 8.
O-O {[%clk 01:29:48]} Bd7 {[%clk 01:22:08]} 9. Ne5 {[%clk 01:29:48]} Be8 {[%clk
01:22:08]} 10. Qf3 {[%clk 01:29:48]} Bd6 {[%clk 01:22:08]} 11. Qh3 {[%clk
01:29:48]} c4 {[%clk 01:22:08]} 12. Bc2 {[%clk 01:29:48]} Qc7 {[%clk 01:22:08]}
13. Ng4 {[%clk 01:29:48]} Ne4 {[%clk 01:22:08]} 14. Nxe4 {[%clk 01:29:48]} dxe4
{[%clk 01:22:08]} 15. Nf6+ {[%clk 01:29:48]} gxf6 {[%clk 01:22:08]} 16. Qg3+
{[%clk 01:29:48]} Kh8 {[%clk 00:41:24]} {[%emt 01:26:11]} 17. Bxd6 {[%clk
00:56:08]} Rg8 {[%clk 00:41:24]} 18. Bxc7 {[%clk 00:56:08]} Rxg3 {[%clk
00:41:24]} 19. Bxg3 {[%clk 00:56:08]} f5 {[%clk 00:41:24]} 20. Rad1 {[%clk
00:56:08]} 1-0

[Event "Deutsche Ländermeisterschaft 2022"]
[Site "Wiesbaden GER"]
[Date "2022.10.01"]
[Round "2"]
[White "Halas, Neele Zoe"]
[Black "Färber, Anna"]
[Result "1-0"]
[Termination "normal"]
[Board "5.8"]
[WhiteElo "1392"]
[BlackElo "1165"]
[WhiteClock "00:19:46"]
[BlackClock "00:48:22"]
[WhiteTeam "Sachsen"]
[BlackTeam "Baden 2"]
[PlyCount "83"]
[WhiteFideId "16287282"]
[BlackFideId "34633480"]
[EventCountry "GER"]
[EventRounds "7"]
[EventType "team-swiss"]
[EventDate "2022.09.30"]

1. e4 {[%clk 01:30:58]} {[%emt 00:00:01]} e6 {[%clk 01:30:56]} {[%emt
00:00:04]} 2. d4 {[%clk 01:31:24]} {[%emt 00:00:04]} d5 {[%clk 01:31:21]}
{[%emt 00:00:05]} 3. exd5 {[%clk 01:31:44]} {[%emt 00:00:10]} exd5 {[%clk
01:31:43]} {[%emt 00:00:07]} 4. Bd3 {[%clk 01:32:05]} {[%emt 00:00:09]} Bd6
{[%clk 01:32:01]} {[%emt 00:00:12]} 5. Ne2 {[%clk 01:32:13]} {[%emt 00:00:22]}
c6 {[%clk 01:31:54]} {[%emt 00:00:37]} 6. O-O {[%clk 01:32:00]} {[%emt
00:00:44]} Nf6 {[%clk 01:32:06]} {[%emt 00:00:18]} 7. Bf4 {[%clk 01:31:55]}
{[%emt 00:00:34]} O-O {[%clk 01:31:39]} {[%emt 00:00:56]} 8. Bxd6 {[%clk
01:32:03]} {[%emt 00:00:25]} Qxd6 {[%clk 01:31:56]} {[%emt 00:00:12]} 9. Ng3
{[%clk 01:32:09]} {[%emt 00:00:24]} Be6 {[%clk 01:31:25]} {[%emt 00:00:59]} 10.
c3 {[%clk 01:32:17]} {[%emt 00:00:25]} Nbd7 {[%clk 01:31:19]} {[%emt 00:00:35]}
11. Qc2 {[%clk 01:31:48]} {[%emt 00:01:00]} Rfe8 {[%clk 01:30:43]} {[%emt
00:01:06]} 12. Nd2 {[%clk 01:31:03]} {[%emt 00:01:15]} Rad8 {[%clk 01:29:23]}
{[%emt 00:01:49]} 13. Rfe1 {[%clk 01:30:21]} {[%emt 00:01:13]} Qc7 {[%clk
01:28:28]} {[%emt 00:01:25]} 14. h3 {[%clk 01:25:48]} {[%emt 00:05:04]} Nf8
{[%clk 01:24:56]} {[%emt 00:04:00]} 15. Nf3 {[%clk 01:21:00]} {[%emt 00:05:19]}
Ng6 {[%clk 01:23:13]} {[%emt 00:02:13]} 16. Ne5 {[%clk 01:10:30]} {[%emt
00:11:00]} Bd7 {[%clk 01:20:09]} {[%emt 00:03:33]} 17. Nxd7 {[%clk 01:08:14]}
{[%emt 00:02:48]} Qxd7 {[%clk 01:19:52]} {[%emt 00:00:46]} 18. Qd2 {[%clk
01:02:05]} {[%emt 00:06:40]} Qc7 {[%clk 01:15:22]} {[%emt 00:04:57]} 19. Bxg6
{[%clk 01:01:08]} {[%emt 00:01:29]} hxg6 {[%clk 01:13:43]} {[%emt 00:02:09]}
20. Rxe8+ {[%clk 01:00:23]} {[%emt 00:01:17]} Rxe8 {[%clk 01:13:10]} {[%emt
00:01:01]} 21. Re1 {[%clk 00:59:38]} {[%emt 00:01:15]} Qd8 {[%clk 01:10:55]}
{[%emt 00:02:44]} 22. Re3 {[%clk 00:57:40]} {[%emt 00:02:26]} Rxe3 {[%clk
01:07:59]} {[%emt 00:03:30]} 23. Qxe3 {[%clk 00:58:03]} {[%emt 00:00:07]} Kf8
{[%clk 01:07:49]} {[%emt 00:00:38]} 24. f3 {[%clk 00:57:13]} {[%emt 00:01:20]}
Qb6 {[%clk 01:07:16]} {[%emt 00:01:05]} 25. Qe2 {[%clk 00:56:08]} {[%emt
00:01:35]} Qa5 {[%clk 01:06:03]} {[%emt 00:01:41]} 26. a3 {[%clk 00:56:05]}
{[%emt 00:00:36]} Nd7 {[%clk 01:05:30]} {[%emt 00:01:02]} 27. Nf1 {[%clk
00:54:55]} {[%emt 00:01:41]} Nb6 {[%clk 00:59:17]} {[%emt 00:06:42]} 28. Qe5
{[%clk 00:47:55]} {[%emt 00:07:21]} Nd7 {[%clk 00:56:20]} {[%emt 00:03:36]} 29.
Qd6+ {[%clk 00:46:11]} {[%emt 00:02:14]} Ke8 {[%clk 00:56:22]} {[%emt
00:00:26]} 30. Qb4 {[%clk 00:44:10]} {[%emt 00:02:32]} Qxb4 {[%clk 00:55:01]}
{[%emt 00:01:52]} 31. axb4 {[%clk 00:44:18]} {[%emt 00:00:23]} Ke7 {[%clk
00:54:14]} {[%emt 00:01:16]} 32. Kf2 {[%clk 00:44:32]} {[%emt 00:00:16]} Ke6
{[%clk 00:53:47]} {[%emt 00:00:57]} 33. Ne3 {[%clk 00:39:29]} {[%emt 00:05:34]}
Nf6 {[%clk 00:51:12]} {[%emt 00:03:03]} 34. b3 {[%clk 00:32:57]} {[%emt
00:07:04]} Kd6 {[%clk 00:50:07]} {[%emt 00:01:35]} 35. Nc2 {[%clk 00:24:06]}
{[%emt 00:09:22]} Kc7 {[%clk 00:49:16]} {[%emt 00:01:19]} 36. Ne1 {[%clk
00:20:53]} {[%emt 00:03:42]} Kd6 {[%clk 00:48:49]} {[%emt 00:00:57]} 37. Nd3
{[%clk 00:20:47]} {[%emt 00:00:39]} b6 {[%clk 00:48:56]} {[%emt 00:00:22]} 38.
Ne5 {[%clk 00:19:47]} {[%emt 00:01:27]} Nh5 {[%clk 00:49:15]} {[%emt 00:00:12]}
39. g3 {[%clk 00:19:51]} {[%emt 00:00:28]} f6 {[%clk 00:49:05]} {[%emt
00:00:40]} 40. Nxg6 {[%clk 00:19:41]} {[%emt 00:00:40]} Ke6 {[%clk 00:48:25]}
{[%emt 00:01:09]} 41. g4 {[%clk 00:19:29]} {[%emt 00:00:44]} Kf7 {[%clk
00:48:22]} {[%emt 00:00:34]} 42. gxh5 {[%clk 00:19:46]} {[%emt 00:00:12]} 1-0

[Event "Deutsche Ländermeisterschaft 2022"]
[Site "Wiesbaden GER"]
[Date "2022.10.01"]
[Round "2"]
[White "Waffenschmidt, Lars"]
[Black "Weishäutel, Moritz"]
[Result "1-0"]
[Termination "normal"]
[Board "6.1"]
[WhiteTitle "FM"]
[BlackTitle "FM"]
[WhiteElo "2302"]
[BlackElo "2401"]
[WhiteClock "00:21:46"]
[BlackClock "00:48:02"]
[WhiteTeam "Württemberg"]
[BlackTeam "Thüringen"]
[PlyCount "93"]
[WhiteFideId "16244656"]
[BlackFideId "12967300"]
[EventCountry "GER"]
[EventRounds "7"]
[EventType "team-swiss"]
[EventDate "2022.09.30"]

1. e4 {[%clk 01:30:57]} {[%emt 00:00:02]} c5 {[%clk 01:30:57]} {[%emt
00:00:04]} 2. Nf3 {[%clk 01:31:19]} {[%emt 00:00:08]} d6 {[%clk 01:31:22]}
{[%emt 00:00:05]} 3. d4 {[%clk 01:31:43]} {[%emt 00:00:05]} cxd4 {[%clk
01:31:49]} {[%emt 00:00:04]} 4. Nxd4 {[%clk 01:32:05]} {[%emt 00:00:07]} Nf6
{[%clk 01:32:16]} {[%emt 00:00:04]} 5. Nc3 {[%clk 01:32:23]} {[%emt 00:00:11]}
g6 {[%clk 01:32:40]} {[%emt 00:00:06]} 6. Be3 {[%clk 01:32:26]} {[%emt
00:00:27]} Bg7 {[%clk 01:33:06]} {[%emt 00:00:05]} 7. f3 {[%clk 01:32:24]}
{[%emt 00:00:32]} O-O {[%clk 01:33:30]} {[%emt 00:00:07]} 8. Qd2 {[%clk
01:32:19]} {[%emt 00:00:35]} Nc6 {[%clk 01:33:54]} {[%emt 00:00:05]} 9. O-O-O
{[%clk 01:32:21]} {[%emt 00:00:27]} d5 {[%clk 01:34:21]} {[%emt 00:00:04]} 10.
exd5 {[%clk 01:32:16]} {[%emt 00:00:35]} Nxd5 {[%clk 01:34:47]} {[%emt
00:00:04]} 11. Nxc6 {[%clk 01:32:15]} {[%emt 00:00:31]} bxc6 {[%clk 01:35:13]}
{[%emt 00:00:03]} 12. Bd4 {[%clk 01:32:23]} {[%emt 00:00:22]} e5 {[%clk
01:35:40]} {[%emt 00:00:04]} 13. Bc5 {[%clk 01:32:32]} {[%emt 00:00:20]} Re8
{[%clk 01:36:05]} {[%emt 00:00:06]} 14. Ne4 {[%clk 01:32:10]} {[%emt 00:00:52]}
Qc7 {[%clk 01:36:24]} {[%emt 00:00:10]} 15. Bc4 {[%clk 01:11:28]} {[%emt
00:21:11]} Be6 {[%clk 01:36:38]} {[%emt 00:00:16]} 16. Bb3 {[%clk 01:11:01]}
{[%emt 00:00:57]} Red8 {[%clk 01:36:27]} {[%emt 00:00:41]} 17. Qf2 {[%clk
01:09:29]} {[%emt 00:02:03]} Nf4 {[%clk 01:33:42]} {[%emt 00:03:15]} 18. Bxe6
{[%clk 01:00:14]} {[%emt 00:09:45]} Nxe6 {[%clk 01:34:02]} {[%emt 00:00:10]}
19. Be3 {[%clk 01:00:20]} {[%emt 00:00:23]} f5 {[%clk 01:26:29]} {[%emt
00:08:04]} 20. Ng5 {[%clk 00:50:51]} {[%emt 00:10:00]} Qe7 {[%clk 01:25:12]}
{[%emt 00:01:47]} 21. Nxe6 {[%clk 00:44:50]} {[%emt 00:06:31]} Qxe6 {[%clk
01:25:38]} {[%emt 00:00:04]} 22. Kb1 {[%clk 00:45:09]} {[%emt 00:00:11]} Rd5
{[%clk 01:22:52]} {[%emt 00:03:16]} 23. Bc1 {[%clk 00:32:53]} {[%emt 00:12:45]}
e4 {[%clk 01:08:26]} {[%emt 00:14:57]} 24. fxe4 {[%clk 00:31:20]} {[%emt
00:02:03]} Ra5 {[%clk 01:07:57]} {[%emt 00:00:57]} 25. b3 {[%clk 00:29:29]}
{[%emt 00:02:23]} Qe5 {[%clk 00:41:02]} {[%emt 00:27:26]} 26. c3 {[%clk
00:29:49]} {[%emt 00:00:09]} Qxe4+ {[%clk 00:41:29]} {[%emt 00:00:04]} 27. Qc2
{[%clk 00:15:30]} {[%emt 00:14:49]} Qxc2+ {[%clk 00:41:53]} {[%emt 00:00:06]}
28. Kxc2 {[%clk 00:15:55]} {[%emt 00:00:05]} Rxa2+ {[%clk 00:42:20]} {[%emt
00:00:04]} 29. Bb2 {[%clk 00:16:13]} {[%emt 00:00:12]} Re8 {[%clk 00:42:17]}
{[%emt 00:00:33]} 30. Rhe1 {[%clk 00:14:25]} {[%emt 00:02:18]} Rxe1 {[%clk
00:42:40]} {[%emt 00:00:07]} 31. Rxe1 {[%clk 00:14:50]} {[%emt 00:00:04]} Ra5
{[%clk 00:35:52]} {[%emt 00:07:18]} 32. Re8+ {[%clk 00:14:56]} {[%emt
00:00:24]} Kf7 {[%clk 00:36:18]} {[%emt 00:00:04]} 33. Rc8 {[%clk 00:15:17]}
{[%emt 00:00:08]} c5 {[%clk 00:32:28]} {[%emt 00:04:20]} 34. Rc7+ {[%clk
00:15:32]} {[%emt 00:00:15]} Kg8 {[%clk 00:32:51]} {[%emt 00:00:08]} 35. b4
{[%clk 00:15:29]} {[%emt 00:00:32]} Ra6 {[%clk 00:31:03]} {[%emt 00:02:19]} 36.
Rxc5 {[%clk 00:15:43]} {[%emt 00:00:16]} Re6 {[%clk 00:29:35]} {[%emt
00:01:58]} 37. Rc8+ {[%clk 00:11:15]} {[%emt 00:04:58]} Kf7 {[%clk 00:30:01]}
{[%emt 00:00:04]} 38. Rc7+ {[%clk 00:11:26]} {[%emt 00:00:18]} Re7 {[%clk
00:30:28]} {[%emt 00:00:04]} 39. Rxe7+ {[%clk 00:11:06]} {[%emt 00:00:50]} Kxe7
{[%clk 00:30:57]} {[%emt 00:00:01]} 40. c4 {[%clk 00:07:08]} {[%emt 00:04:28]}
Bxb2 {[%clk 00:25:06]} {[%emt 00:06:22]} 41. Kxb2 {[%clk 00:07:23]} {[%emt
00:00:14]} Kd6 {[%clk 00:25:18]} {[%emt 00:00:17]} 42. Kc3 {[%clk 00:07:28]}
{[%emt 00:00:25]} Ke5 {[%clk 00:25:43]} {[%emt 00:00:05]} 43. b5 {[%clk
00:24:15]} {[%emt 00:13:43]} f4 {[%clk 00:55:57]} {[%emt 00:00:17]} 44. Kd3
{[%clk 00:24:05]} {[%emt 00:00:39]} g5 {[%clk 00:49:12]} {[%emt 00:07:16]} 45.
c5 {[%clk 00:23:20]} {[%emt 00:01:15]} h6 {[%clk 00:48:46]} {[%emt 00:00:57]}
46. h3 {[%clk 00:21:23]} {[%emt 00:02:27]} h5 {[%clk 00:48:02]} {[%emt
00:01:14]} 47. c6 {[%clk 00:21:46]} {[%emt 00:00:06]} 1-0